| 000 | 00675nam a2200229 a 4500 | ||
|---|---|---|---|
| 005 | 20240913063809.0 | ||
| 008 | 090521s2006 mx r 000 0 spa d | ||
| 020 | _a9707850582 | ||
| 035 | _aUPN01000170557 | ||
| 049 | _aCG | ||
| 050 | 4 |
_aPQ7298.1 C6.7 _bC6.5 |
|
| 100 | 1 |
_aAcosta, Andrés, _d1964- _930341 |
|
| 245 | 1 | 3 |
_aEl complejo de Faetón / _cAndrés Acosta. |
| 260 |
_aMéxico : _bSM : _bCONACULTA, _c2006. |
||
| 300 | _a180 p. | ||
| 440 | 0 |
_aGran angular ; _v22 |
|
| 586 | _aMención honorífica Premio Gran Angular 2006-México | ||
| 650 | 4 |
_aNovela mexicana _ySiglo XX _96052 |
|
| 650 | 4 |
_aDelincuencia juvenil _99217 |
|
| 905 | _aLibro | ||
| 999 |
_c142662 _d142662 |
||